Statistics for All Ballon d'Or Winners

Click here to take the quiz!

General Stats

  • This quiz has been taken 142 times
  • The average score is 47 of 66

Answer Stats

YearRankPlayerTeamNationalityPoints% Correct
20161stCristiano RonaldoReal MadridPortuguese745
99%
20171stCristiano RonaldoReal MadridPortuguese946
99%
20141stCristiano RonaldoReal MadridPortuguese37.66%
99%
20131stCristiano RonaldoReal MadridPortuguese27.99%
99%
20081stCristiano RonaldoManchester UnitedPortuguese446
99%
20091stLionel MessiBarcelonaArgentinian473
99%
20211stLionel MessiParis Saint-GermainArgentinian613
99%
20191stLionel MessiBarcelonaArgentinian686
99%
20151stLionel MessiBarcelonaArgentinian41.33%
99%
20121stLionel MessiBarcelonaArgentinian41.60%
99%
20111stLionel MessiBarcelonaArgentinian47.88%
99%
20101stLionel MessiBarcelonaArgentinian22.65%
99%
20021stRonaldoReal MadridBrazilian169
99%
19971stRonaldoInter MilanBrazilian222
99%
20181stLuka ModrićReal MadridCroatian753
96%
20221stKarim BenzemaReal MadridFrench549
94%
20051stRonaldinhoBarcelonaBrazilian225
90%
19981stZinedine ZidaneJuventusFrench244
90%
20071stKakáAC MilanBrazilian444
88%
20041stAndriy ShevchenkoAC MilanUkrainian175
84%
19731stJohan CruyffBarcelonaDutch96
84%
19741stJohan CruyffBarcelonaDutch116
84%
19711stJohan CruyffAjaxDutch116
84%
20001stLuís FigoReal MadridPortuguese197
83%
20061stFabio CannavaroReal MadridItalian173
82%
19881stMarco van BastenAC MilanDutch129
79%
19921stMarco van BastenAC MilanDutch98
79%
19891stMarco van BastenAC MilanDutch129
79%
20011stMichael OwenLiverpoolEnglish176
79%
20031stPavel NedvědJuventusCzech190
79%
19991stRivaldoBarcelonaBrazilian219
79%
19631stLev YashinDynamo MoscowSoviet73
77%
19651stEusébioBenficaPortuguese67
74%
19721stFranz BeckenbauerBayern MunichGerman81
74%
19761stFranz BeckenbauerBayern MunichGerman91
74%
19951stGeorge WeahAC MilanLiberian144
74%
19701stGerd MüllerBayern MunichGerman77
74%
19871stRuud GullitAC MilanDutch106
73%
19851stMichel PlatiniJuventusFrench127
72%
19841stMichel PlatiniJuventusFrench110
72%
19831stMichel PlatiniJuventusFrench110
72%
19571stAlfredo Di StéfanoReal MadridSpanish72
71%
19591stAlfredo Di StéfanoReal MadridSpanish80
71%
19681stGeorge BestManchester UnitedNorthern Irish61
71%
19941stHristo StoichkovBarcelonaBulgarian210
68%
19661stBobby CharltonManchester UnitedEnglish81
67%
19901stLothar MatthäusInter MilanGerman137
60%
19931stRoberto BaggioJuventusItalian142
60%
19601stLuis SuárezBarcelonaSpanish54
57%
19961stMatthias SammerBorussia DortmundGerman144
51%
19911stJean-Pierre PapinMarseilleFrench141
50%
19821stPaolo RossiJuventusItalian115
47%
19801stKarl-Heinz RummeniggeBayern MunichGerman122
44%
19811stKarl-Heinz RummeniggeBayern MunichGerman106
44%
19791stKevin KeeganHamburger SVEnglish118
43%
19781stKevin KeeganHamburger SVEnglish87
43%
19561stStanley MatthewsBlackpoolEnglish47
41%
19641stDenis LawManchester UnitedScottish61
39%
19581stRaymond KopaReal MadridFrench71
39%
19691stGianni RiveraAC MilanItalian83
29%
19751stOleg BlokhinDynamo KyivSoviet122
25%
19671stFlórián AlbertFerencvárosHungarian68
24%
19861stIgor BelanovDynamo KyivSoviet84
23%
19621stJosef MasopustDukla PragueCzech65
23%
19611stOmar SívoriJuventusItalian46
22%
19771stAllan SimonsenBorussia MönchengladbachDanish74
20%

Score Distribution

Percentile by Number Answered

Percent of People with Each Score

Your Score History

You have not taken this quiz